| 000 | 00563nam a2200181 a 4500 | ||
|---|---|---|---|
| 001 | 5455 | ||
| 003 | CDMR | ||
| 005 | 20151102140002.0 | ||
| 008 | 130130s1999||||||||||||||||||||||||||||d | ||
| 040 |
_aCDMR _bcat _cCPC GIRONA |
||
| 240 | _aPremsa gràfica Girona | ||
| 245 | 0 | 0 | _aPremsa gràfica Girona 98 |
| 260 |
_bDiputació de Girona _aGirona |
||
| 260 |
_c1999 _bCol·legi de Periodistes de Catalunya. Demarcació de Girona |
||
| 650 | 0 | 4 |
_91270 _aFotoperiodisme |
| 710 | 2 |
_995 _aCol·legi de Periodistes de Catalunya _b -- Demarcació de Girona |
|
| 942 |
_cMON _2udc |
||
| 999 |
_c5455 _d5455 |
||